Statistics for Europe Capitals - Two Minute Sprint

Click here to take the quiz!

General Stats

  • This quiz has been taken 5,437 times
    (5,433 since last reset)
  • The average score is 35 of 45

Answer Stats

Capital City % Correct
London
94%
Madrid
94%
Oslo
92%
Paris
92%
Lisbon
91%
Berlin
91%
Amsterdam
90%
Stockholm
89%
Rome
88%
Dublin
88%
Helsinki
88%
Athens
86%
Brussels
85%
Bucharest
84%
Budapest
84%
Moscow
83%
Bern
82%
Vienna
82%
Warsaw
81%
Riga
80%
Copenhagen
80%
Vatican City
79%
Prague
79%
Luxembourg
77%
Kiev
76%
Andorra la Vella
75%
Tallinn
74%
San Marino
74%
Zagreb
74%
Monaco
74%
Reykjavik
73%
Sofia
73%
Minsk
73%
Vilnius
72%
Belgrade
70%
Bratislava
69%
Vaduz
67%
Valletta
65%
Sarajevo
64%
Ljubljana
64%
Podgorica
60%
Skopje
59%
Chișinău
59%
Pristina
58%
Tirana
58%

Score Distribution

Percentile by Number Answered

Percent of People with Each Score

Your Score History

You have not taken this quiz since the last reset